[Event "Asuncion Club Centenario op"]
[Site "Asuncion"]
[Date "2011.10.09"]
[Round "6.8"]
[White "Mangabeira, Wilson"]
[Black "Alderete, Jazmin"]
[Result "0-1"]
[WhiteElo "1676"]
[BlackElo "1562"]
[PlyCount "98"]
[EventDate "2011.09.29"]
[EventType "swiss"]
[EventRounds "7"]
[EventCountry "PAR"]
[SourceTitle "EXT 2023"]
[Source "ChessBase"]
[SourceDate "2022.10.05"]
[SourceVersion "1"]
[SourceVersionDate "2022.10.05"]
[SourceQuality "1"]

1. d4 d5 2. Bf4 Nf6 3. h3 Bf5 4. e3 e6 5. Bd3 Bxd3 6. Qxd3 Be7 7. b3 0-0 8. Nf3 c5 9. 0-0 Nc6 10. Ne5 Rc8 11. c3 cxd4 12. Nxc6 Rxc6 13. exd4 Ne4 14. f3 Nf6 15. Be5 Bd6 16. Bxd6 Qxd6 17. Nd2 Qg3 18. Rfc1 Nh5 19. Nf1 Qg5 20. Rc2 Nf4 21. Qd2 Nxh3+ 22. Kh2 Qxd2 23. Nxd2 Nf4 24. c4 Ne2 25. c5 Nxd4 26. Rc3 Rfc8 27. Rd3 Nc2 28. Rb1 Rxc5 29. b4 Rc3 30. Rxc3 Rxc3 31. Rc1 d4 32. Ne4 Rc7 33. Nf2 b5 34. Nd3 Rc3 35. Rd1 Ne3 36. Rc1 Rxc1 37. Nxc1 Nc2 38. Nd3 Kf8 39. Kg3 Ke7 40. Kf4 Kd6 41. Ke4 f5+ 42. Kf4 h6 43. g4 g5+ 44. Kg3 f4+ 45. Kf2 Kd5 46. Ke2 Kc4 47. Ne5+ Kc3 48. a3 Nxa3 49. Nf7 Kc2 0-1

[Event "Asuncion Club Centenario op"]
[Site "Asuncion"]
[Date "2011.10.08"]
[Round "5.6"]
[White "Almiron, Francisco"]
[Black "Mangabeira, Wilson"]
[Result "1-0"]
[WhiteElo "1498"]
[BlackElo "1676"]
[PlyCount "53"]
[EventDate "2011.09.29"]
[EventType "swiss"]
[EventRounds "7"]
[EventCountry "PAR"]
[SourceTitle "EXT 2023"]
[Source "ChessBase"]
[SourceDate "2022.10.05"]
[SourceVersion "1"]
[SourceVersionDate "2022.10.05"]
[SourceQuality "1"]

1. e4 e5 2. Nf3 Nc6 3. Bb5 Nf6 4. d3 d6 5. Bg5 Be7 6. Nbd2 0-0 7. c3 Bd7 8. 0-0 a6 9. Ba4 b5 10. Bc2 Bg4 11. h3 Bd7 12. Nh2 h6 13. Bh4 Nh7 14. Bxe7 Nxe7 15. f4 exf4 16. Rxf4 Ng5 17. Qf1 Ng6 18. Rf2 Qc8 19. Kh1 f5 20. exf5 Rxf5 21. d4 Rxf2 22. Qxf2 Nf8 23. Rf1 Qb7 24. h4 Ngh7 25. Qf7+ Kh8 26. Bb3 Nf6 27. Rxf6 1-0

[Event "Asuncion Club Centenario op"]
[Site "Asuncion"]
[Date "2011.09.29"]
[Round "1.1"]
[White "Diaz, Ramon"]
[Black "Mangabeira, Wilson"]
[Result "1-0"]
[WhiteElo "1885"]
[BlackElo "1676"]
[PlyCount "77"]
[EventDate "2011.09.29"]
[EventType "swiss"]
[EventRounds "7"]
[EventCountry "PAR"]
[SourceTitle "EXT 2023"]
[Source "ChessBase"]
[SourceDate "2022.10.05"]
[SourceVersion "1"]
[SourceVersionDate "2022.10.05"]
[SourceQuality "1"]

1. e4 e5 2. Nf3 Nc6 3. Bc4 Bc5 4. 0-0 d6 5. c3 Be6 6. Bb5 Bd7 7. a4 a6 8. Bxc6 Bxc6 9. d4 exd4 10. cxd4 Bb6 11. a5 Ba7 12. Nc3 Ne7 13. Bg5 0-0 14. Re1 Rb8 15. Qd3 f6 16. Be3 Ng6 17. Rac1 Bd7 18. h3 c6 19. b4 Kh8 20. Nd2 Qc8 21. Nc4 Qc7 22. f4 Rbe8 23. f5 Ne7 24. Bf4 Nc8 25. Kh2 b5 26. axb6 Bxb6 27. Ra1 Qb8 28. Rxa6 Bc7 29. d5 Qb7 30. dxc6 Bxc6 31. Na5 Bxa5 32. bxa5 Bxe4 33. Nxe4 d5 34. Nc5 Qb4 35. Rxe8 Rxe8 36. Be3 Qb8+ 37. Kg1 Qb4 38. Bf2 h6 39. Ra8 1-0

[Event "Asuncion Preclasificatorio Mayor"]
[Site "Asuncion"]
[Date "2010.04.28"]
[Round "7"]
[White "Mangabeira, Wilson"]
[Black "Samir, Venica"]
[Result "1-0"]
[WhiteElo "1708"]
[BlackElo "1411"]
[PlyCount "92"]
[EventDate "2010.04.05"]
[EventType "swiss"]
[EventRounds "9"]
[EventCountry "PAR"]
[SourceTitle "EXT 2023"]
[Source "ChessBase"]
[SourceDate "2022.10.05"]
[SourceVersion "1"]
[SourceVersionDate "2022.10.05"]
[SourceQuality "1"]

1. d4 d5 2. Nf3 Nf6 3. e3 e6 4. Bd3 Bd6 5. Nbd2 Nbd7 6. Qe2 0-0 7. 0-0 c5 8. c3 b6 9. e4 dxe4 10. Nxe4 Be7 11. Bg5 Bb7 12. Nxf6+ Nxf6 13. Bxf6 Bxf6 14. dxc5 bxc5 15. Rad1 Qb6 16. Rb1 Rfd8 17. Be4 Ba6 18. c4 Qb4 19. Bxa8 Bxc4 20. Qe4 Bxf1 21. Kxf1 Qb5+ 22. Kg1 Bxb2 23. Bc6 Qa5 24. Ba4 Bd4 25. Bb3 Qc3 26. Qc2 Qa5 27. g3 Qc7 28. Qe4 Qd6 29. Bc4 a5 30. Rb7 Rb8 31. Rxb8+ Qxb8 32. Nxd4 cxd4 33. Qxd4 g6 34. Bb3 Qc7 35. Qc4 Qxc4 36. Bxc4 Kg7 37. a4 Kf6 38. f4 Kf5 39. Bd3+ Kf6 40. Kf2 e5 41. Kf3 exf4 42. Kxf4 h6 43. h4 Ke6 44. g4 Kd6 45. g5 hxg5+ 46. hxg5 Kd5 1-0

[Event "Asuncion Preclasificatorio Mayor"]
[Site "Asuncion"]
[Date "2010.04.27"]
[Round "6"]
[White "Alderete, Jazmin"]
[Black "Mangabeira, Wilson"]
[Result "1-0"]
[WhiteElo "1535"]
[BlackElo "1708"]
[PlyCount "123"]
[EventDate "2010.04.05"]
[EventType "swiss"]
[EventRounds "9"]
[EventCountry "PAR"]
[SourceTitle "EXT 2023"]
[Source "ChessBase"]
[SourceDate "2022.10.05"]
[SourceVersion "1"]
[SourceVersionDate "2022.10.05"]
[SourceQuality "1"]

1. d4 d5 2. Nf3 Nf6 3. e3 e6 4. Bd3 Nbd7 5. 0-0 a6 6. Nbd2 c5 7. c3 Be7 8. Qe2 0-0 9. Re1 Bd6 10. e4 dxe4 11. Nxe4 Nxe4 12. Qxe4 g6 13. Bh6 Re8 14. Bc2 Bf8 15. Bf4 c4 16. Ne5 Nxe5 17. dxe5 Qd5 18. Rad1 Qb5 19. b4 cxb3 20. Bxb3 Bd7 21. Qd3 Qxd3 22. Rxd3 Bc6 23. Red1 Rac8 24. f3 Bc5+ 25. Kh1 a5 26. a4 Kg7 27. Bg5 Be7 28. Bxe7 Rxe7 29. Rd8 Rxd8 30. Rxd8 Rd7 31. Rxd7 Bxd7 32. Kg1 f6 33. exf6+ Kxf6 34. Kf2 Ke5 35. Ke3 b5 36. f4+ Kd6 37. axb5 Bxb5 38. Kd4 a4 39. Ba2 Bc6 40. g3 Bf3 41. c4 Bg4 42. Bb1 Bf5 43. Ba2 Bg4 44. Bb1 Bd1 45. Ba2 Bc2 46. Kc3 Bd1 47. Kb4 h6 48. c5+ Kd7 49. Bc4 g5 50. Bb5+ Kc7 51. Bxa4 Be2 52. Bb3 gxf4 53. gxf4 Bg4 54. Kc3 Kc6 55. Kd4 Bh3 56. Ba4+ Kc7 57. Ke5 h5 58. Bb3 Kc6 59. Bxe6 Bg2 60. f5 Kc7 61. f6 Kd8 62. Kd6 1-0

[Event "Asuncion Preclasificatorio Mayor"]
[Site "Asuncion"]
[Date "2010.04.13"]
[Round "1"]
[White "Soljancic, Josip"]
[Black "Mangabeira, Wilson"]
[Result "1/2-1/2"]
[WhiteElo "1546"]
[BlackElo "1708"]
[PlyCount "137"]
[EventDate "2010.04.05"]
[EventType "swiss"]
[EventRounds "9"]
[EventCountry "PAR"]
[SourceTitle "EXT 2023"]
[Source "ChessBase"]
[SourceDate "2022.10.05"]
[SourceVersion "1"]
[SourceVersionDate "2022.10.05"]
[SourceQuality "1"]

1. e4 c6 2. Nc3 d5 3. exd5 cxd5 4. d4 a6 5. Nf3 Nf6 6. Bd3 Bg4 7. 0-0 e6 8. Bg5 Be7 9. h3 Bh5 10. g4 Bg6 11. Bxg6 hxg6 12. Kg2 Nc6 13. a3 Qd6 14. Qd3 0-0-0 15. b4 b5 16. a4 Nxb4 17. Qd2 Ne4 18. Nxe4 dxe4 19. Ne5 Bxg5 20. Qc3+ Qc7 21. Qxb4 Be7 22. Qd2 Bd6 23. axb5 Bxe5 24. bxa6 Bf4 25. Qa5 Qxa5 26. Rxa5 Kb8 27. Rb1+ Ka8 28. a7 Rd7 29. d5 exd5 30. Rbb5 Rhd8 31. c4 dxc4 32. Rc5 Rxa7 33. Rxa7+ Kxa7 34. Rxc4 f5 35. gxf5 gxf5 36. Rc5 g6 37. Rc6 Rd6 38. Rc5 Kb6 39. Rc8 Rc6 40. Rg8 Kc5 41. h4 Kd5 42. Rh8 Kd4 43. Rf8 Ke5 44. Re8+ Re6 45. Ra8 Bd2 46. Ra2 Rd6 47. Kg3 Rd3+ 48. Kg2 Bb4 49. Ra6 Rd6 50. Ra4 Be1 51. Ra1 Bd2 52. Ra2 e3 53. fxe3 Bxe3 54. Kf3 f4 55. Ra5+ Kf6 56. h5 Bd2 57. Rb5 Rd3+ 58. Kg2 Be3 59. Kf3 Bc1+ 60. Ke4 Rd6 61. Kf3 gxh5 62. Rxh5 Kg6 63. Rc5 Rf6 64. Rxc1 Kg5 65. Rc5+ Rf5 66. Rc8 Rf6 67. Rc5+ Rf5 68. Rc8 Rf7 69. Rc5+ 1/2-1/2